Culture Générale - Série 905 - Statistiques

Statistiques générales
  • Ce quiz a été pris 130 fois
  • Le résultat moyen est 6 sur 10
Statistiques - réponses
Question Réponse % Correct
Quel est le nom des petites plaques juxtaposées qui recouvrent la peau de certains poissons ou reptiles ? écailles
96%
Quel jeune sorcier est incarné au cinéma par le Britannique Daniel Radcliffe ? Harry Potter
92%
Quel saint patron des petits enfants, célébré le 6 décembre, fait l'objet de festivités dans le Nord et l'Est de la France ? Saint-Nicolas
91%
Dans quel sport s'est illustrée Suzanne Lenglen dans les années 1920 ? tennis
76%
À partir de quelle plante légumineuse prépare-t-on le tofu ? soja
63%
Quel était le prénom du dictateur italien Mussolini ? Benito
59%
Quel astronome anglais, né en 1656, est connu pour avoir étudié le mouvement des comètes ? Edmond Halley
34%
En 1986, quel réalisateur français dirige Sean Connery dans “Le Nom de la rose” ? Jean-Jacques Annaud
28%
Quel dieu grec, fils d'un Titan, personnifie le vent du nord ? Borée
13%
Quelle ville abrite le siège de l'O.P.E.P., depuis 1965 ? Vienne
9%
Aucun quiz correspondant
Distribution des résultats
% des personnes avec chaque résultat
Percentile par nombre de réponses
Votre historique - résultats
Vous n’avez pas pris ce quiz